| 000 | 02347cam a2200421 i 4500 | ||
|---|---|---|---|
| 001 | 20664031 | ||
| 003 | JO-AjAnu | ||
| 005 | 20240806104006.0 | ||
| 008 | 180910s2020 cau b 001 0 eng d | ||
| 010 | _a 2018957739 | ||
| 015 |
_aGBB919296 _2bnb |
||
| 016 | 7 |
_a019227024 _2Uk |
|
| 020 |
_a9780357730423 _q(pbk.) |
||
| 020 | _a1337919330 | ||
| 020 |
_a9781337919340 _q(loose-leaf edition) |
||
| 020 | _a1337919349 | ||
| 035 | _a(OCoLC)on1084391431 | ||
| 040 |
_aUKMGB _beng _cUKMGB _erda _dOCLCO _dOCLCF _dOCLCQ _dUKMGB _dDLC _dJO-AjAnu |
||
| 042 | _alccopycat | ||
| 050 | 0 | 0 |
_aTX353 _b.B7635 2024 |
| 082 | 0 | 4 |
_a612.3 _223 |
| 100 | 1 |
_aBrown, Judith E., _eauthor. |
|
| 245 | 1 | 0 |
_aNutrition through the life cycle / _cJudith E. Brown, Ph. D., M.P.H., R.D., University of Minnesota ; with Ellen Lechtenberg, Maureen A. Murtaugh, Patricia L. Splett, Jaime Strang, Robyn Wong, Ellen K. Bowser, Beth L. Leonberg, Nadine R. Sahyoun. |
| 250 |
_a8th edition _bJudith Brown. |
||
| 264 | 1 |
_aBoston, MA : _bCengage, _c2024. |
|
| 300 |
_axxi, 586 pages : _c26 cm |
||
| 336 |
_atext _btxt _2rdacontent |
||
| 337 |
_aunmediated _bn _2rdamedia |
||
| 338 |
_avolume _bnc _2rdacarrier |
||
| 500 | _aPrevious edition: Australia: Cengage Learning, 2017. | ||
| 504 | _aIncludes bibliographical references and index. | ||
| 505 | 0 | _aNutrition basics -- Preconception nutrition -- Preconception nutrition: conditions and interventions -- Nutrition during pregnancy -- Nutrition during pregnancy: conditions and interventions -- Nutrition during lactation -- Nutrition during lactation: conditions and interventions -- Infant nutrition -- Infant nutrition: conditions and interventions -- Toddler and preschooler nutrition -- Toddler and preschooler nutrition: conditions and interventions -- Child and preadolescent nutrition -- Child and preadolescent nutrition: conditions and interventions -- Adolescent nutrition -- Adolescent nutrition: conditions and interventions -- Adult nutrition -- Adult nutrition: conditions and interventions -- Nutrition and older adults -- Nutrition and older adults: conditions and interventions. | |
| 650 | 0 | _aNutrition. | |
| 650 | 7 |
_aNutrition. _2fast _0(OCoLC)fst01042187 |
|
| 906 |
_a7 _bcbc _ccopycat _d2 _encip _f20 _gy-gencatlg |
||
| 942 |
_2lcc _cBK _n0 |
||
| 999 |
_c33629 _d33629 |
||